000 00479nam a2200181Ia 4500
001 20949
005 20260306172843.0
008 260306t2019||||xx |||||||||||||| ||spa||
041 _aESP
082 _a343.8C8
_bY13 V. 1
100 _aYacolca Estares, Daniel Irwin
_eAUT
245 0 _aCódigo tributario comentado:
_b"50 años después y más"
260 _c2019
300 _axxviii, 954 páginas :
_c25 cm.
650 _aGEN
654 _aCCO
942 _cLIB
_dJUS
_fJUS
_2ddc
_n
999 _c20949
_d20949